Top 25 Torschützen der Top-5-Ligen (2023/24) - Statistiken

Allgemein
  • Dieses Quiz wurde 261 mal gespielt
  • Das Durchschnittsergebnis liegt bei 11 aus 25
Antwortstatistiken
Hinweis Antwort % Korrekt
Bundesliga (36 Tore) Kane
98%
Ligue1 (26 Tore) Mbappe
98%
Premier League (25 Tore) Haaland
96%
Bundesliga (25 Tore) Guirassy
81%
Premier League (18 Tore) Salah
71%
La Liga (16 Tore) Lewandowski
70%
SerieA (23 Tore) Martinez
69%
Bundesliga (24 Tore) Openda
61%
La Liga (18 Tore) Bellingham
57%
Bundesliga (18 Tore) Undav
53%
Premier League (21 Tore) Palmer
50%
Premier League (16 Tore) Foden
47%
Premier League (17 Tore) Son
45%
Premier League (16 Tore) Saka
40%
Premier League (19 Tore) Watkins
36%
SerieA (16 Tore) Vlahovic
31%
Premier League (20 Tore) Isak
25%
La Liga (19 Tore) Dovbyk
23%
Ligue1 (17 Tore) David
20%
La Liga (17 Tore) Sorloth
16%
Ligue1 (17 Tore) Lacazette
15%
Premier League (18 Tore) Solanke
15%
Ligue1 (15 Tore) Ben Yedder
14%
Premier League (16 Tore) Bowen
4%
La Liga (16 Tore) Budimir
3%
Keine übereinstimmenden Quizze gefunden
Verteilung der Resultate
Anzahl Personen mit jedem Resultat
Perzentil nach korrekt beantworteten Fragen
Ihre Resultats-Entwicklung
Sie haben dieses Quiz noch nicht gespielt